| 000 | 01287cam a2200361 a 4500 | ||
|---|---|---|---|
| 001 | 5518 | ||
| 003 | FISKH | ||
| 005 | 20241216123325.0 | ||
| 008 | 111207r20112009nyu c 000 1 eng | ||
| 010 | _a 2011501767 | ||
| 020 | _a9781416948148 | ||
| 040 |
_aDLC _cDLC _beng _dFISKH |
||
| 050 | _aPZ7.L8286 | ||
| 082 | _a415 | ||
| 100 | 1 | _aLogsted, Greg. | |
| 245 | 1 | 0 |
_aAlibi Junior High / _cGreg Logsted. |
| 250 | _aFirst Aladdin paperback edition August 2011 | ||
| 260 |
_aNew York : _bAladdin, _c2009 |
||
| 300 |
_a244 pages : _c20 cm. |
||
| 520 | _aAfter thirteen-year-old Cody and his father, an undercover agent, are nearly killed, Cody moves in with his aunt in Connecticut, where he is helped with his adjustment to the trials of attending public school for the first time and investigating a threat in nearby woods by a wounded Iraq War veteran. | ||
| 521 | 8 |
_a570
_bLexile |
|
| 521 | 8 |
_aN
_bRaz-Plus |
|
| 650 | 1 |
_aInterpersonal relations _vFiction. |
|
| 650 | 1 |
_aJunior high schools _vFiction. |
|
| 650 | 1 |
_aSchools _vFiction. |
|
| 650 | 1 |
_aAunts _vFiction. |
|
| 650 | 1 |
_aVeterans _vFiction. |
|
| 650 | 1 |
_aSpies _vFiction. |
|
| 651 | 1 |
_aConnecticut _vFiction. |
|
| 906 |
_a7 _bcbc _corigcop _d2 _encip _f20 _gy-gencatlg |
||
| 942 |
_2ddc _cBK _n0 |
||
| 999 |
_c5518 _d5518 |
||